000 00555cam a2200169 4500500
005 20260405003011.0
041 _afre
042 _adc
100 1 0 _aGastineau, Nicolas
_eauthor
245 0 0 _aL’Exploration du monde. Une autre histoire des grandes découvertes
260 _c2019.
500 _a80
690 _aDécouverte
690 _aVoyages
786 0 _nPhilosophie magazine | 135 | 12 | 2019-12-01 | p. 49-49 | 1951-1787
856 4 1 _uhttps://shs.cairn.info/magazine-philosophie-magazine-2019-12-page-49?lang=fr&redirect-ssocas=7080
999 _c2063381
_d2063381